| 000 | 01176nas a2200385 4500 | ||
|---|---|---|---|
| 001 | BR0205199 | ||
| 003 | BR-BrBNA | ||
| 005 | 20231205103323.0 | ||
| 007 | ta | ||
| 008 | 230509b bl.|||p| |||| 00| 00por d | ||
| 040 |
_aBR-BrBNA _bpor _cBiblioteca Nacional de Agricultura |
||
| 041 | _a(Pt) | ||
| 072 | _aL01; L51 | ||
| 100 | 1 | _aMouro, G.F. | |
| 100 | 1 | _aBranco, A.F. | |
| 100 | 1 | _aMacedo, F.A.F. de | |
| 100 | 1 | _aRigolon, L.P. | |
| 100 | 1 | _aMaia, F.J. | |
| 100 | 1 | _aGuimarães, K.C. | |
| 100 | 1 | _aDamasceno, J.C. | |
| 100 | 1 | _aSantos, G.T. dos | |
| 245 | 1 | _aSubstituição do milho pela farinha de mandioca de varredura em dietas de cabras em lactação: produção e composição do leite e digestibilidade dos nutrientes | |
| 650 | _aCABRA | ||
| 650 | _aMILHO | ||
| 650 | _aMANDIOCA | ||
| 650 | _aFARINHA | ||
| 650 | _aDIETA | ||
| 650 | _aSUBPRODUTO | ||
| 650 | _aPRODUÇÃO LEITEIRA | ||
| 650 | _aNUTRIENTE | ||
| 650 | _aDIGESTIBILIDADE | ||
| 773 | 0 |
_tRevista Brasileira de Zootecnia (Brazil) _xISSN 1516-3598 _g(Jan-Feb 2002), v. 31(1)Suplemento p. 475-483 _wBR0205199 |
|
| 909 |
_a202311 _bLúcia _c55 _dLúcia Elande |
||
| 942 |
_2AGRIS _n0 _cANA |
||
| 999 |
_c172254 _d172254 |
||